| Tag |
First Indicator |
Second Indicator |
Subfields |
| LEADER |
00000cam a2200000 4500 |
| 001 |
in00000378024 |
| 005 |
20151011084602.0 |
| 008 |
750725s1923 nyua b 00110 eng |
| 010 |
|
|
|a 39025108
|
| 035 |
|
|
|a (OCoLC)01475439
|
| 035 |
|
|
|9 ABQ3846AM
|
| 040 |
|
|
|c IQU
|d TXA
|d UtOrBLW
|
| 049 |
|
|
|a TXAM
|c [36602]
|a TXAS [mil]
|c 2
|
| 050 |
0 |
0 |
|a UG447
|b .L4 1923a
|
| 100 |
1 |
|
|a Lefebure, Victor.
|
| 245 |
1 |
4 |
|a The riddle of the Rhine :
|b chemical strategy in peace and war : an account of the critical struggle for power and for the decisive war initiative... /
|c by Victor Lefebure ; with a preface by Marshal Foch and an introduction by Field-Marshal Sir Henry Wilson, bart.
|
| 264 |
|
1 |
|a New York :
|b The Chemical Foundation,
|c [1923]
|
| 264 |
|
4 |
|c ©1923
|
| 300 |
|
|
|a 282 pages :
|b illustrations ;
|c 21 cm.
|
| 336 |
|
|
|a text
|b txt
|2 rdacontent
|
| 337 |
|
|
|a unmediated
|b n
|2 rdamedia
|
| 338 |
|
|
|a volume
|b nc
|2 rdacarrier
|
| 500 |
|
|
|a Includes index.
|
| 650 |
|
0 |
|a Chemical warfare.
|
| 650 |
|
0 |
|a Gases, Asphyxiating and poisonous
|x War use.
|
| 650 |
|
0 |
|a World War, 1914-1918
|x Chemistry.
|
| 999 |
|
|
|a MARS
|
| 999 |
f |
f |
|s 12742acf-3090-3859-bf43-147e22a0a36c
|i 162adc54-3704-3528-bceb-312322560724
|t 0
|
| 952 |
f |
f |
|p ric
|a Texas A&M University
|b Rellis Campus
|c Joint Library Facility
|d Remote Storage
|t 0
|e UG447 .L4 1923a
|h Library of Congress classification
|i unmediated -- volume
|m A14805702450
|
| 952 |
f |
f |
|p noncirc
|a Texas A&M University
|b College Station
|c Cushing Memorial Library & Archives
|d Cushing: Ragan Military (Does not check out)
|t 0
|e UG447 .L4 1923
|h Library of Congress classification
|i unmediated -- volume
|
| 998 |
f |
f |
|a UG447 .L4 1923
|t 0
|l Cushing: Ragan Military (Does not check out)
|
| 998 |
f |
f |
|a UG447 .L4 1923a
|t 0
|l Remote Storage
|